<?xml version="1.0" encoding="UTF-8"?>
<record
    xmlns:xsi="http://www.w3.org/2001/XMLSchema-instance"
    xsi:schemaLocation="http://www.loc.gov/MARC21/slim http://www.loc.gov/standards/marcxml/schema/MARC21slim.xsd"
    xmlns="http://www.loc.gov/MARC21/slim">

  <leader>03405nmm a22002297a 4500</leader>
  <datafield tag="999" ind1=" " ind2=" ">
    <subfield code="c">5177</subfield>
    <subfield code="d">5177</subfield>
  </datafield>
  <controlfield tag="003">OSt</controlfield>
  <controlfield tag="005">20240417122301.0</controlfield>
  <controlfield tag="008">191018e        xxu|||||o||d| 00| 0 spa d</controlfield>
  <datafield tag="020" ind1=" " ind2=" ">
    <subfield code="a">9789873007842</subfield>
  </datafield>
  <datafield tag="040" ind1=" " ind2=" ">
    <subfield code="c">PJ</subfield>
  </datafield>
  <datafield tag="245" ind1="1" ind2="0">
    <subfield code="a">Revista Laboral :</subfield>
    <subfield code="b">remuneraciones - III /</subfield>
    <subfield code="c">Mario E. Ackerman director.</subfield>
  </datafield>
  <datafield tag="260" ind1=" " ind2=" ">
    <subfield code="a">Santa F&#xE9; :</subfield>
    <subfield code="b">Rubinzal Culzoni,</subfield>
    <subfield code="c">2017.</subfield>
  </datafield>
  <datafield tag="300" ind1=" " ind2=" ">
    <subfield code="a">760 p.</subfield>
    <subfield code="c">22 cm.</subfield>
  </datafield>
  <datafield tag="310" ind1=" " ind2=" ">
    <subfield code="a">semestral</subfield>
  </datafield>
  <datafield tag="362" ind1=" " ind2=" ">
    <subfield code="a">No. 1 (2017) </subfield>
  </datafield>
  <datafield tag="500" ind1=" " ind2=" ">
    <subfield code="a">La efectividad del principio de igualdad de remuneraci&#xF3;n por un trabajo de igual valor, por C&#xE9;sar Arese; 
El salario psicol&#xF3;gico y la dignidad del trabajador, por Carlos Alberto Livellara; 
El salario como referencia en el c&#xE1;lculo de la indemnizaci&#xF3;n tarifada. Los topes en la base de c&#xE1;lculo, por Jorge Rodr&#xED;guez Mancini; 
El nuevo art&#xED;culo 12 de la Ley de Riesgos del Trabajo, por Mario E. Ackerman; 
El importante papel jugado por el ingreso base mensual del art&#xED;culo 12 de la ley 24.557 en la insuficiencia de las prestaciones dinerarias en el r&#xE9;gimen originario, por Miguel A. Maza; 
Alcance del concepto de salario y el tratamiento de los beneficios sociales en la Corte Suprema de Justicia de la Naci&#xF3;n, por Pablo Fernando Frassia; 
Alcance del concepto de salario y el tratamiento de los beneficios sociales en la justicia de Santa Fe. Vigencia y jurisprudencia del art&#xED;culo 103 bis de la Ley de Contrato de Trabajo, por Mar&#xED;a Victoria Acosta; 
Salario, beneficios sociales, costos e intereses en la Provincia de Mendoza, por Mar&#xED;a Laura Elmelaj; 
El alcance del concepto de salario y el tratamiento de los beneficios sociales en la C&#xE1;mara Nacional de Apelaciones del Trabajo, por Ricardo Francisco Seco; 
Alcance del concepto de salario y el tratamiento de los beneficios sociales en la justicia de C&#xF3;rdoba, por Alicia Ulla de Torresan y Carlos Alberto Toselli;
La remuneraci&#xF3;n variable en la jurisprudencia, por Laura Matilde D?Arruda y Oscar Zas; 
El reconocimiento del car&#xE1;cter salarial de prestaciones provistas por el empleador y las multas por incorrecta registraci&#xF3;n, por Diego M. Tosca; Algunas consideraciones sobre las sumas no remunerativas, la autonom&#xED;a colectiva y el orden p&#xFA;blico laboral, por Diego Fernando Manauta; 
Aportes a la soluci&#xF3;n de conflictos en materia salarial (el uso del autom&#xF3;vil, la cochera y el celular), por Horacio Las Heras; 
El concepto de remuneraci&#xF3;n en el nuevo contrato de agencia. Diferencias y similitudes con el salario del viajante de comercio, por Silvia E. Pinto Varela; 
Algunas notas sobre la remuneraci&#xF3;n en el empleo p&#xFA;blico, por Daniela Favier; 
El impuesto a las ganancias, el salario y la extinci&#xF3;n del contrato de trabajo, por Mar&#xED;a Sol Loredo;
Las remuneraciones del pe&#xF3;n de campo en la ley 26.727, por Horacio Maiztegui Martinez; 
La tutela del cr&#xE9;dito laboral. Novedades legislativas y proyecto en tr&#xE1;mite parlamentario, por Manuel Ra&#xFA;l Monsalvo; 
Salario laboral y salario previsional. Reflexiones sobre lo mismo y lo distinto, por Guido Seren Novoa y Lucas Caparr&#xF3;s. Jurisprudencia Sumarios y sistematizaci&#xF3;n de fallos, por Mar&#xED;a Isabel Sforsini y Diego Guirado.

</subfield>
  </datafield>
  <datafield tag="650" ind1=" " ind2="0">
    <subfield code="9">1316</subfield>
    <subfield code="a">DERECHO LABORAL</subfield>
  </datafield>
  <datafield tag="650" ind1=" " ind2="0">
    <subfield code="9">1318</subfield>
    <subfield code="a">REMUNERACION</subfield>
  </datafield>
  <datafield tag="700" ind1=" " ind2=" ">
    <subfield code="9">1423</subfield>
    <subfield code="a">Ackermann, Mario Eduardo</subfield>
    <subfield code="e">director</subfield>
  </datafield>
  <datafield tag="856" ind1=" " ind2=" ">
    <subfield code="u">https://www.rubinzal.com.ar/revistas/revista-de-derecho-laboral/5/?menupc=1</subfield>
    <subfield code="y">Revista Derecho Laboral </subfield>
  </datafield>
  <datafield tag="942" ind1=" " ind2=" ">
    <subfield code="2">udc</subfield>
    <subfield code="c">PP</subfield>
  </datafield>
  <datafield tag="952" ind1=" " ind2=" ">
    <subfield code="0">0</subfield>
    <subfield code="1">0</subfield>
    <subfield code="2">udc</subfield>
    <subfield code="4">0</subfield>
    <subfield code="7">0</subfield>
    <subfield code="a">DJS</subfield>
    <subfield code="b">DJS</subfield>
    <subfield code="d">2024-04-17</subfield>
    <subfield code="p">6070</subfield>
    <subfield code="r">2024-04-17</subfield>
    <subfield code="w">2024-04-17</subfield>
    <subfield code="y">PP</subfield>
  </datafield>
</record>
